El proceso / (Record no. 169792)
[ view plain ]
| 000 -CABECERA | |
|---|---|
| campo de control de longitud fija | 01674nam a2200313 a 4500 |
| 001 - NÚMERO DE CONTROL | |
| campo de control | Z_6525 |
| 003 - IDENTIFICADOR DEL NÚMERO DE CONTROL | |
| campo de control | CHAP |
| 005 - FECHA Y HORA DE LA ÚLTIMA TRANSACCIÓN | |
| campo de control | 20250227144123.0 |
| 007 - CAMPO FIJO DE DESCRIPCIÓN FÍSICA--INFORMACIÓN GENERAL | |
| campo de control de longitud fija | ta |
| 008 - DATOS DE LONGITUD FIJA--INFORMACIÓN GENERAL | |
| campo de control de longitud fija | 220113s2005 mx gr 000 f spa d |
| 010 ## - NÚMERO DE CONTROL DE LA BIBLIOTECA DEL CONGRESO | |
| Número de control de LC | 169792 |
| 020 ## - NÚMERO INTERNACIONAL ESTÁNDAR DEL LIBRO | |
| Número Internacional Estándar del Libro | 970-633-015-1 |
| 040 ## - FUENTE DE LA CATALOGACIÓN | |
| Centro catalogador/agencia de origen | Z |
| Centro/agencia transcriptor | CHAP |
| 082 ## - NÚMERO DE LA CLASIFICACIÓN DECIMAL DEWEY | |
| Número de clasificación | 891.863 |
| Número de documento/Ítem | K34 P76 2005 |
| Número de edición | 20 |
| 100 1# - ENTRADA PRINCIPAL--NOMBRE DE PERSONA | |
| Nombre de persona | Kafka, Franz, 1883 -1924 |
| 9 (RLIN) | 145065 |
| Término indicativo de función/relación | autor |
| 245 10 - MENCIÓN DE TÍTULO | |
| Título | El proceso / |
| Mención de responsabilidad, etc. | Franz Kafka; traducción María José de Chopitea |
| 300 ## - DESCRIPCIÓN FÍSICA | |
| Extensión | 222 p. |
| 520 ## - SUMARIO, ETC. | |
| Sumario, etc. | Una mañana, dos hombres vestidos con extravagantes uniformes tocan a la puerta del empleado bancario Josef K., vienen para arrestarle a nombre de un misterioso tribunal, y le notifican que enfrentará un proceso, aunque no le informan la culpa cometida. Pero podrá seguir ocupándose de sus asuntos y sólo de vez en cuando se le citará para que sea interrogado. Acude a las audiencias, celebradas en una miserable casa de unos obreros. Pronto desvía su atención del trabajo, tratando de hallar una manera de salvarse corre de un lado a otro buscando ayuda, pero esto sólo le deja claro el profundo aislamiento en que se encuentra en medio de una ciudad erigida como tribunal; todo mundo está enterado de su juicio descubriendo además que no hay ningún intermediario entre él y su proceso. |
| 534 ## - NOTA SOBRE LA VERSIÓN ORIGINAL | |
| Frase introductoria | Título original: |
| Mención de título del original | Der prozess |
| 650 ## - PUNTO DE ACCESO ADICIONAL DE MATERIA--TÉRMINO DE MATERIA | |
| Término de materia o nombre geográfico como elemento de entrada | Novela checoslovaca |
| Subdivisión general | Siglo XX |
| 9 (RLIN) | 145067 |
| 650 ## - PUNTO DE ACCESO ADICIONAL DE MATERIA--TÉRMINO DE MATERIA | |
| Término de materia o nombre geográfico como elemento de entrada | Situación legal |
| 9 (RLIN) | 145068 |
| 942 ## - ELEMENTOS DE PUNTO DE ACCESO ADICIONAL (KOHA) | |
| Tipo de ítem Koha | Libro |
| Fuente del sistema de clasificación o colocación | Dewey Decimal Classification |
| 260 ## - PUBLICACIÓN, DISTRIBUCIÓN, ETC. | |
| Lugar de publicación, distribución, etc. | México : |
| Nombre del editor, distribuidor, etc. | Ediciones Coyoacán, |
| Fecha de publicación, distribución, etc. | 2005 |
| 440 ## - MENCIÓN DE SERIE/PUNTO DE ACCESO ADICIONAL--TÍTULO | |
| Título | (Reino imaginario) |
| 9 (RLIN) | 145066 |
| 503 ## - NOTA DE HISTORIA BIBLIOGRÁFICA (BK CF MU) [OBSOLETO] | |
| Nota de historia bibliográfica | ej.1: consumo (no tiene sellos) |
| 901 ## - ELEMENTOS DE DATOS A LOCAL LDA (RLIN) | |
| a | 891.863 K34 P76 |
| 902 ## - ELEMENTOS DE DATOS B LOCAL, LDB (RLIN) | |
| a | M |
| 910 ## - DATOS DE OPCIÓN DEL USUARIO (OCLC) | |
| Datos de opción del usuario | 2005 |
| Estado de retiro | Estado de pérdida | Fuente del sistema de clasificación o colocación | Estado dañado | Restricciones de uso | No para préstamo | Código de colección | Localización permanente | Ubicación/localización actual | Fecha de adquisición | Fuente de adquisición | Número de inventario | Signatura topográfica completa | Código de barras | Fecha visto por última vez | Número de copia | Precio válido a partir de | Tipo de ítem Koha |
|---|---|---|---|---|---|---|---|---|---|---|---|---|---|---|---|---|---|
| Dewey Decimal Classification | Préstamo 5 días | General | Zootecnia | Zootecnia | 21/01/2015 | Compra | S/N | 891.863 K34 P76 | 5108006407 | 18/01/2022 | Ej.1 | 18/01/2022 | Libro |
